LEADER 01514nam2-2200409---450- 001 990006001380203316 005 20150128140038.0 010 $a978-1-4073-1277-4 035 $a000600138 035 $aUSA01000600138 035 $a(ALEPH)000600138USA01 035 $a000600138 100 $a20120911d2012----km-y0itay50------ba 101 0 $aita 102 $aIT 105 $aa---||||001yy 200 1 $a<> fortificazioni campali dei colli di Finestre e Fattieres$earcheologia e storia di un sito militare d'età moderna sulle Alpi Occidentali$fa cura di Roberto Sconfienza 210 $aOxford$cArcheopress$d2012 215 $aXIV, 245 p.$cill.$d30 cm 225 2 $aBAR International series$v2640 225 2 $aNotebooks on military archaeology and architecture$v7 410 0$1001000018484$aBAR International series$v, 2640$12001 410 $12001$aNotebooks on military archaeology and architecture 606 0 $aFortificazioni campali$yPiemonte$zSec. XVII.-XVIII.$2BNCF 676 $a945.107 700 1$aSCONFIENZA,$bRoberto$0572731 801 0$aIT$bsalbc$gISBD 912 $a990006001380203316 951 $aXI.5. Coll. 12/ 1257$b247059$cXI.5. Coll.$d366474 959 $aBK 969 $aUMA 979 $aCHIARA$b90$c20150128$lUSA01$h1331 979 $aCHIARA$b90$c20150128$lUSA01$h1332 979 $aCHIARA$b90$c20150128$lUSA01$h1359 979 $aCHIARA$b90$c20150128$lUSA01$h1400 996 $aFortificazioni campali dei colli di Finestre e Fattieres$91078927 997 $aUNISA LEADER 03482nam 22006615 450 001 996309146203316 005 20240424230146.0 010 $a3-486-85152-7 024 7 $a10.1524/9783486851526 035 $a(CKB)3710000000393251 035 $a(SSID)ssj0001484421 035 $a(PQKBManifestationID)12588905 035 $a(PQKBTitleCode)TC0001484421 035 $a(PQKBWorkID)11430967 035 $a(PQKB)10933059 035 $a(DE-B1597)241335 035 $a(OCoLC)979596418 035 $a(OCoLC)980240914 035 $a(DE-B1597)9783486851526 035 $a(MiAaPQ)EBC4428573 035 $a(Au-PeEL)EBL4428573 035 $a(CaPaEBR)ebr11270125 035 $a(OCoLC)959847411 035 $a(oapen)https://directory.doabooks.org/handle/20.500.12854/59798 035 $a(EXLCZ)993710000000393251 100 $a20190615d2015 fg 101 0 $ager 135 $au|b|#---||||| 181 $ctxt$2rdacontent 182 $cc$2rdamedia 183 $acr$2rdacarrier 200 10$aSpätmittelalterliche Heroldskompendien $eReferenzen adeliger Wissenskultur in Zeiten gesellschaftlichen Wandels (Frankreich und Burgund, 15. Jahrhundert) /$fTorsten Hiltmann; Institut Historique Allemand Paris 210 $cDe Gruyter$d2011 210 1$aBerlin ;$aBoston : $cOldenbourg Wissenschaftsverlag, $d[2015] 210 4$d©2011 215 $a1 online resource 225 0 $aPariser Historische Studien ;$v92 311 08$aPrint version: 9783486591422 320 $aIncludes bibliographical references and index. 327 $t Frontmatter -- $tINHALT -- $tVORWORT -- $t1. EINFÜHRUNG -- $t2. DEFINITION DER QUELLENGRUPPE -- $t3. STRUKTUR DER HEROLDSKOMPENDIEN UND IHRE ÜBERLIEFERUNG -- $t4. DIE INHALTE DER HEROLDSKOMPENDIEN -- $t5. ZUSAMMENFASSUNG UND EINORDNUNG DER ERGEBNISSE -- $t6. ANHANG -- $tTABELLENVERZEICHNIS -- $tABBILDUNGSVERZEICHNIS -- $tQUELLEN- UND LITERATURVERZEICHNIS -- $tPERSONENREGISTER -- $tREGISTER DER ERWÄHNTEN UND BEARBEITETEN TEXTE -- $t Backmatter 330 $aDie spätmittelalterlichen Heroldskompendien bieten einen wesentlichen Zugang zur Geschichte des Heroldsamtes wie insgesamt zur adeligen Kultur und Lebenswelt. Neben Traktaten zum Heroldswesen enthalten sie vor allem Texte zu adeligen Zeremonien (Turniere, Gerichtskämpfe, Obsequien) wie allgemein zur Welt des Adels, dessen Hierarchien und Zeichen. Damit spiegeln sie einen wichtigen Teil der adeligen Wissenskultur wider und präsentieren sich, von der bisherigen Forschung weitgehend unbeachtet, geradezu als eine Art Grundfibel der adeligen Welt. Mit dem vorliegenden Band werden sie erstmals systematisch erschlossen und unter klaren methodischen Vorgaben analysiert, um sie schließlich vor den Hintergrund der großen gesellschaftlichen Umbrüche ihrer Zeit einzuordnen. Sich weitgehend auf terra incognita bewegend, kommt die Studie dabei zu unerwarteten Ergebnissen. 410 0$aPariser Historische Studien 606 $aHeraldry$xHistory$yTo 1500$zFrance 606 $aHeraldry$zBurgundy$zFrance 606 $aNobility$zFrance 607 $aFrance$vHeraldry 615 0$aHeraldry$xHistory 615 0$aHeraldry 615 0$aNobility 676 $a929.74 700 $aHiltmann$b Torsten, $0955208 702 $aInstitut Historique Allemand Paris$b , 801 0$bDE-B1597 801 1$bDE-B1597 906 $aBOOK 912 $a996309146203316 996 $aSpätmittelalterliche Heroldskompendien$92160661 997 $aUNISA LEADER 01942nam0 22004453i 450 001 VIA0072268 005 20251003044440.0 010 $a8815068201 020 $aIT$b99-4873 100 $a19990610d1999 ||||0itac50 ba 101 | $aita 102 $ait 181 1$6z01$ai $bxxxe 182 1$6z01$an 200 1 $aTeoria dell'agire sociale$fFranco Crespi 210 $aBologna$cIl mulino$d[1999] 215 $a388 p.$d22 cm 225 | $aCollezione di testi e di studi$i. Sociologia 314 $aSC/BVE, 10/12/94$9CFIV003672 410 0$1001CFI0001418$12001 $aCollezione di testi e di studi$i. Sociologia 606 $aAzione$xSociologia$2FIR$3CFIC238985$9N 676 $a302$9Interazione sociale$v14 676 $a302$9INTERAZIONE SOCIALE$v19 676 $a302$9INTERAZIONE SOCIALE$v20 676 $a302$9INTERAZIONE SOCIALE$v21 676 $a302.01$9INTERAZIONE SOCIALE. Filosofia e teoria$v21 676 $a302.5$9RELAZIONE DEL SINGOLO CON LA SOCIETÀ$v21 696 $aAspetti sociali$aAspetti socio-culturali 699 $aSociologia$zAspetti sociali 699 $aSociologia$zAspetti socio-culturali 700 1$aCrespi$b, Franco$f <1930-2022>$3CFIV003672$4070$01354773 801 3$aIT$bIT-000000$c19990610 850 $aIT-BN0095 $aIT-AV0045 901 $bNAP MV$cF $nDEPOSITO LIBRARIO SCIENZE SOCIALI SALA F 901 $bNAP 01$cPOZZO LIB.$nVi sono collocati fondi di economia, periodici di ingegneria e scienze, periodici di economia e statistica e altri fondi comprendenti documenti di economia pervenuti in dono. 912 $aVIA0072268 950 0$aBiblioteca Centralizzata di Ateneo$c1 v.$d 01POZZO LIB.ECON MON 250$e 0101 0000025935E VMA 1 v. precedente collocazione sez. DASES B 0666$fB $h20081029$i20081029 977 $a 01$a MV 996 $aTeoria dell'agire sociale$93358266 997 $aUNISANNIO